Hungary UEFA European Championships XIs - Statistics

General Stats
  • This quiz has been taken 74 times
  • The average score is 16 of 46
Answer Stats
Answer % Correct
Dominik Szoboszlai
97%
Péter Gulácsi
93%
Willi Orbán
88%
Ádám Szalai
78%
Attila Szalai
77%
Roland Sallai
73%
Ádám Nagy
62%
István Nagy
62%
Gábor Király
60%
Milos Kerkez
57%
Attila Fiola
55%
Barnabás Varga
53%
András Schäfer
52%
Loïc Négo
50%
Zoltán Gera
50%
Balázs Dzsudzsák
45%
László Kleinheisler
45%
Ádám Lang
40%
Bendegúz Bolla
35%
Flórián Albert
35%
Márton Dárdai
32%
Endre Botka
30%
Gergő Lovrencsics
28%
Lajos Kű
23%
Ferenc Bene
22%
Tamás Kádár
22%
Richárd Guzmics
18%
István Juhász
17%
Lajos Tichy
17%
Péter Juhász
17%
Roland Juhász
17%
Kálmán Mészöly
13%
Ádám Pintér
12%
Antal Dunai
8%
Antal Szentmihályi
8%
Sándor Mátrai
8%
Ferenc Sipos
7%
László Bálint
7%
László Sárosi
7%
Máté Fenyvesi
7%
Mihály Kozma
7%
Miklós Páncsics
7%
István Géczi
5%
Sándor Zámbó
5%
Imre Komora
3%
Tibor Fábián
3%
No matching quizzes found
Score Distribution
Percent of People with Each Score
Percentile by Number Answered
Your Score History
You have not taken this quiz